Public administration (A) (Record no. 9183)

MARC details
000 -LEADER
fixed length control field 00496cam a2200205ua 4500
001 - CONTROL NUMBER
control field 10195
005 - DATE AND TIME OF LATEST TRANSACTION
control field 20260515114600.0
008 - FIXED-LENGTH DATA ELEMENTS--GENERAL INFORMATION
fixed length control field 171004n ii |||gr||||Z||||||asm
020 ## - INTERNATIONAL STANDARD BOOK NUMBER
International Standard Book Number 8173390460
040 ## - CATALOGING SOURCE
Transcribing agency MAIN
041 ## - LANGUAGE CODE
Language code of text/sound track or separate title asm
082 ## - DEWEY DECIMAL CLASSIFICATION NUMBER
Classification number 351
100 ## - MAIN ENTRY--PERSONAL NAME
Personal name Gogoi, Purandar,
Relator term Author.
245 ## - TITLE STATEMENT
Title Public administration (A)
Statement of responsibility, etc. By Purandar Gogoi
250 ## - EDITION STATEMENT
Edition statement 11th rev. ed.
260 ## - PUBLICATION, DISTRIBUTION, ETC.
Place of publication, distribution, etc. Dibrugarh:
Name of publisher, distributor, etc. Banalata,
Date of publication, distribution, etc. 2016.
300 ## - PHYSICAL DESCRIPTION
Extent 452p.
653 ## - INDEX TERM--UNCONTROLLED
Uncontrolled term Public administration
942 ## - ADDED ENTRY ELEMENTS (KOHA)
Koha item type Books
Holdings
Withdrawn status Lost status Damaged status Not for loan Home library Current library Shelving location Date acquired Total checkouts Full call number Barcode Date last seen Date last checked out Copy number Price effective from Koha item type
        Naharkatiya College Library Naharkatiya College Library General stacks 09/19/2020 1 351 | GOG 23859 03/14/2023 10/26/2021 3 09/19/2020 Books
        Naharkatiya College Library Naharkatiya College Library General stacks 09/19/2020 2 351 | GOG 23860 11/13/2023 11/09/2023 2 09/19/2020 Books
        Naharkatiya College Library Naharkatiya College Library General stacks 09/19/2020 5 351 | GOG 23861 06/08/2023 10/01/2022 1 09/19/2020 Books